000 01300nam a22001697a 4500
003 SISC
005 20160621145617.0
008 160616b xxu||||| |||| 00| 0 eng d
020 _a9789814321754
050 _aQ163 An613 2012
245 _aScience smart textbook 6 /
_cDavid Lim Kee Ann [and] Esmund Chua.
260 _aSingapore :
_bAlston Publishing House,
_cc2012.
300 _aviii, 147 p. :
_bcol.. ill. ;
_c28 cm.
520 _aScience Smart series is developed to cover comprehensively the learning outcomes of the latest Cambridge Primary curriculum framework. Adopting the Inquiry Approach, Science Smart uses engaging visuals and presentation formats with well-crafted activities to arouse pupils' curiosity about the world around them. This motivates pupils to learn, enabling them to better grasp key scientific concepts. At the same time, emphasis is given on developing pupils' inquiry and process skills, critical thinking, as well as 21st Century skills. Science Smart also develops pupils' exam confidence. Exam-style questions are provided at the end of every chapter, with hints and helping questions to guide pupils' thought processes. This prepares pupils well for the Cambridge Primary Checkpoint tests.
650 _aScience--Study and teaching.
942 _2lcc
_cBK
999 _c295957
_d295957